[Event "Duesseldorf Nord Cup 8th GrK"]
[Site "Duesseldorf"]
[Date "2008.08.03"]
[Round "4"]
[White "Jakob, Matthias2222"]
[Black "Doerper, Georg"]
[Result "1-0"]
[WhiteElo "1514"]
[BlackElo "1506"]
[PlyCount "49"]
[EventDate "2008.08.01"]
[EventType "tourn"]
[EventRounds "5"]
[EventCountry "GER"]
[SourceTitle "EXT 2020"]
[Source "ChessBase"]
[SourceDate "2019.10.17"]
[SourceVersion "1"]
[SourceVersionDate "2019.10.17"]
[SourceQuality "1"]

1. e4 c5 2. Nc3 e6 3. g3 Nc6 4. Bg2 d6 5. f4 e5 6. d3 Nf6 7. Nf3 Bg4 8. h3 Be6 9. Be3 exf4 10. gxf4 Qb6 11. Qd2 Be7 12. 0-0-0 Nb4 13. a3 Qa5 14. axb4 Qa1+ 15. Nb1 Ba2 16. Qc3 Bxb1 17. Kd2 cxb4 18. Qxb4 0-0 19. Rxb1 Qa6 20. Ra1 Qc6 21. Rxa7 Rac8 22. Nd4 Qc5 23. Qxc5 dxc5 24. Nf5 Bd8 25. Rxb7 1-0